Score 0/25 Timer 05:00
4 Plays Today
% Correct
brick
97.6%
lipstick
96.1%
ink
96.1%
jack
95.8%
hammock
93.5%
mohawk
92.3%
rink
90.9%
V-neck
90.7%
oak
90.5%
chipmunk
90.5%
pitchfork
89.7%
notebook
89.6%
yolk
89.3%
% Correct
wok
87.1%
kiosk
86.2%
aardvark
86.2%
ziplock
84.9%
flask
84.8%
Ewok
80.1%
shuttlecock
78.5%
toothpick
65.2%
diamondback
46.1%
Quark
38.5%
geoduck
15.1%
umiak
8.5%
Remove Ads.
Support Sporcle.
Get the best of Sporcle when you Go Orange. This ad-free experience offers more features, more stats, and more fun while also helping to support Sporcle. Thank you for becoming a member.

You're not logged in!

Compare scores with friends on all Sporcle quizzes.
OR
Log In

Show Comments

Extras

Top Quizzes Today


Score Distribution

Your Account Isn't Verified!

In order to create a playlist on Sporcle, you need to verify the email address you used during registration. Go to your Sporcle Settings to finish the process.

Report this User

Report this user for behavior that violates our Community Guidelines.

Details: